| 000 | 00694nam a2200205 u 4500 | ||
|---|---|---|---|
| 005 | 20210223131028.0 | ||
| 008 | 090624s1998 r 000 0 eng d | ||
| 020 | _a8480026391 | ||
| 035 | _aUPN01000171463 | ||
| 049 | _aCG | ||
| 050 | 4 |
_aKJC5138 _bG3.2 |
|
| 100 | 1 | _aGarcía Jiménez, María Encarna | |
| 245 | 1 | 3 |
_aEl Convenio Europeo de Derechos Humanos en el umbral del siglo XXI / _cMa. Encarna García Jiménez. |
| 260 |
_aValencia, Esp. : _bUniversitat de València : _bTirant Lo Blanch, _c1998. |
||
| 300 | _a255 p. | ||
| 440 | 0 |
_aPropuestas. _pMonografía |
|
| 610 | 2 | 4 |
_aTRIBUNAL EUROPEO DE DERECHOS HUMANOS _915136 |
| 650 | 4 |
_aDERECHOS HUMANOS - _zEUROPA _915135 |
|
| 905 | _aLibro | ||
| 999 |
_c143568 _d143568 |
||